000 00537nam a2200181Ia 4500
003 PILC
005 20160128151353.0
008 140529s9999 xx 000 0 und d
020 _a9780071747622
050 _aB 105.H8
_b.V598 2010
100 _aVernon, Mark.
245 _aUnderstand humanism /
_cMark Vernon ; foreword by Philip Pullman
260 _aLondon :
_bTeach Yourself,
_c2010.
300 _a252 pages ;
_c20 cm.
500 _aIncludes bibliographical references and index.
942 _kFOR
_cBK
_2lcc
999 _c117757
_d117757